000 00399nam a2200145 4500
001 109547
003 ES-MaACL
007 t|
008 061121s1925 fr r ||||1| fre d
100 1 _aOltramare, Paul.
_987025
245 1 3 _aLa religion et la vie de l'esprit /
_cpar Paul Oltramare.
260 _aParís :
_b[Félerè Alcan],
_c1925.
300 _a232 p. ;
_c23 cm.
852 _aES-MaACL
_jB-6900
999 _c109547
_d109547